000 00755nam a2200181Ia 4500
008 100920s9999 xx 000 0 und d
082 _b68544
_a891.464 थ 96
100 _aरुस्तमजी एम. के व पार्किन्सन नार्थकोट सी / अनु. भोमे अविनाश.
245 _aसुसंवाद सहकार्यांशी.
260 _bरोहन प्रकाशन, मुंबई 64.
_c1996
300 _a143
_bसाधी
365 _b100
520 _aनिबंध.
630 _aसुसंवाद सहकार्यांशी.
650 _aनिबंध.
730 _aसुसंवाद सहकार्यांशी.
942 _cBOOK
999 _c710821
_d710818